College Quizbowl Stats
College Quizbowl Stats
Circuits
Seasons
Sets
Records
Detailed Stats
About
Loading...
Northeast
Tossups
Bonuses
Players
Teams
Categories (Tossup)
Categories (Bonus)
Malvin Tsetse
MIT B
Categories
Category
Powers
Gets
Negs
BBs
Points
Earliest Buzz
Avg. Buzz
First Buzzes
Top 3 Buzzes
BPA
PVF
Religion
0
2
0
1
20
67
102.00
1
1
5.07
13.33
Social Science
0
2
0
0
20
67
69.00
0
1
7.40
11.29
History - American
0
1
1
0
5
79
79.00
0
0
3.97
4.55
Science - Other
0
0
0
0
0
0.00
0
0
0.00
0.00
Buzzes
Category
Answer
Value
Buzz Position
Social Science
welfare
10
67
Religion
Avesta
10
67
Social Science
the self
10
71
History - American
Chase
10
79
History - American
roads
-5
91
Science - Other
Boolean formulas
0
107
Religion
Judas
10
137
Previous
1
Next